|
|
|
|
| LEADER |
00816nam a2200253 a 4500 |
| 001 |
TVCDKTCT2144 |
| 003 |
Thư viện trường Cao đẳng Kỹ thuật Cao Thắng |
| 005 |
20221020135325.000 |
| 008 |
050815 |
| 980 |
\ |
\ |
|a Thư viện Trường CĐ Kỹ Thuật Cao Thắng
|
| 024 |
|
|
|a RG_1 #1 eb0 i1
|
| 041 |
0 |
# |
|a vie
|
| 082 |
# |
# |
|a 620.112 /
|b B510L -b
|
| 245 |
0 |
0 |
|a Bài tập sức bền vật liệu.T.2
|
| 250 |
# |
# |
|a Tái bản lần thứ 6
|
| 260 |
# |
# |
|a H. :
|b Giáo dục ,
|c 1965
|
| 300 |
# |
# |
|a 138tr. ;
|c 21cm
|
| 650 |
# |
4 |
|a Bài tập
|
| 650 |
# |
4 |
|a Sức bền vật liệu
|
| 653 |
# |
# |
|a Strength of Materials
|
| 653 |
# |
4 |
|a Mechanical Engineering Technology
|
| 721 |
# |
# |
|a 03. CNKT Cơ khí
|
| 721 |
# |
# |
|a 04. CNKT Ô tô
|
| 841 |
# |
# |
|b Kho Sách
|j 100001737
|